000 00489nam a22001817a 4500
005 20251108164315.0
008 250721s1990 xx 000 0 ara d
082 1 4 _a355.3432/وود
100 1 _aوود، جون
245 1 0 _aجواسيس للبيع /
264 1 _aبيروت :
_bدار الحسام،
_c1990.
300 _a200ص
650 1 7 _aالمخابرات
650 1 7 _aالجواسيس
700 1 _aالناصر، لطيف
_eترجمة
942 _2ddc
_cBK
999 _c8938
_d8938